1256 1458 1727 1064 1908 1709 1707 1884 1337 1739 1906 1093 1189 1463 1554 1939 1133 1761 1628 1997 1950 1039 1390 1144 1115 1589 1918 1216 1027 1168 1765 1392 1503 1758 1978 1667 1460 1584 1629 1578 1611 1766 1849 1636 1661 1458 1910 1323 1002 1544 1836 1908 1917 1145 1221 1290 1890 1361 1037 1615 1801 1124 1923 1123 1529 1906 1877 1660 1306 1338 1529 1359 1684 1156 1717 1420 1844 1228 1993 1692 1017 1886 1412 1688 1351 1245 1655 1299 1325 1060 1226 1560 1025 1836 1139 1539 1125 1051 1971 BCNSPRNW ULIB Ver.6.0+V

เปลี่ยนเป็นภาษาไทย

Change to English
 แสดงรายละเอียดบรรณานุกรม
  กลับหน้าหลัก

Brief Record : Get Marc (ISO 2709) : E-mail record : QR code < ปิดหน้าต่าง
LEADER : 00000nam 2200000uu 4500
001    13399110144
003     ULIB
008    110422s2552||||th 000 0 tha d
020    9742944415
060 04 WY105^bน578ก 2552
100 0  นิตยา ศรีญาณลักษณ์
245 10 การบริหารการพยาบาล /^cนิตยา ศรีญาณลักษณ์, บรรณาธิการ
250    พิมพ์ครั้งที่ 3
260    นนทบุรี :^bโครงการสวัสดิการวิชาการ สถาบันพระบรมราชชนกกระทรวงสาธารณสุข,^c2552
300    [13], 379 หน้า ;^c27 ซม.
650  7 การพยาบาล^xการบริหาร
650  7 การบริหารการพยาบาล
710 2  สถาบันพระบรมราชชนก. ^bโครงการสวัสดิการวิชาการ
945    ^p240^l0^i029997
995    เกษร
999    ^aใช้งานได้ทุกระบบ
รายการนี้ยังไม่มีแท็ก
คุณยังไม่ได้ล็อกอิน คุณสามารถมีกิจกรรมร่วมกับเว็บไซต์ได้ แต่ต้องล็อกอินก่อน ::
  ล็อกอิน

รายการสื่อสารสนเทศ

ลำดับที่ ประเภท เลขเรียก/บาร์โค้ด สถานที่ สถานะ
- ไม่พบข้อมูล -

รายการใกล้เคียง
    ผู้แต่ง [นิตยา ศรีญาณลักษณ์]

    หัวเรื่อง [การบริหารการพยาบาล]

BibComment


ยังไม่เคยถูกคอมเมนท์

คอมเมนท์ทรัพยากรรายการนี้
  คอมเมนท์: การบริหารการพยาบา..


 Copyright 2026. Bcnsprnw @Library